03892nam a22002417a 45000010005000000030006000050050017000110080041000280400029000690500008000980820008001061000015001142450151001292600037002803000043003175202048003605200912024086500059033209420016033799990015033959520120034109520120035306536FISKH20250508124443.0250508b cb ||||| |||| 00| 0 eng d aFISKHbkhrcFISKHdFISKH aPZ7 a800 aNarom, Keo aកម្រងវប្បធម៏ខ្មែរ /cស្រាវជ្រាវដោយ អ្នកស្រី កែវ ណារុំ  aភ្នំពេញ :c2010 .  a85 pages : billustrations ;c20 cm .  aសៀវភៅ «កម្រងវប្បធម៌ខ្មែរ» ត្រូវបានស្រាវជ្រាវ និងសរសេរដោយ អ្នកស្រី កែវ ណារុំ ដែលមានជំនាញខាងសិល្បៈ និងវប្បធម៌ខ្មែរ។ អ្នកស្រីបានចាប់ផ្តើមការស្រាវជ្រាវពីសិល្បៈ និងវប្បធម៌ខ្មែរនៅអាយុជាង ៣០ ឆ្នាំមុន។ ការស្រាវជ្រាវរបស់គាត់ផ្តោតលើការអភិរក្ស និងការបង្ហាញពីសិល្បៈ និងវប្បធម៌ខ្មែរដែលមានតម្លៃ។ ក្នុងសៀវភៅនេះ អ្នកស្រីបានបង្ហាញពីសិល្បៈ និងវប្បធម៌ខ្មែរដែលមានការចងក្រងជាឯកសារដើម្បីទុកជាអនុស្សាវរីយ៍សម្រាប់ជំនាន់ក្រោយ។ គាត់បានសិក្សាពីឧបករណ៍ភ្លេងខ្មែរ និងសិល្បៈផ្សេងៗដែលបានបាត់បង់ទៅដោយសារតែការបាត់បង់នៃការអប់រំ និងការការពារសិល្បៈបុរាណ។ អ្នកស្រីកែវ ណារុំបានចំណាយពេលជាង ៣០ ឆ្នាំក្នុងការស្រាវជ្រាវ និងសិក្សាពីសិល្បៈ និងវប្បធម៌ខ្មែរ ដោយមានគោលបំណងដើម្បីអភិរក្ស និងបង្ហាញពីសិល្បៈ និងវប្បធម៌ខ្មែរដែលមានតម្លៃសម្រាប់ជំនាន់ក្រោយ។ aThe book "Collection of Khmer Culture" was researched and written by Ms. Keo Narom, who specializes in Khmer arts and culture. She began her research into Khmer arts and culture more than 30 years ago. Her work focuses on the preservation and presentation of valuable aspects of Khmer art and heritage. In this book, Ms. Keo Narom documents and compiles important elements of Khmer arts and culture to preserve them as a legacy for future generations. She studied traditional Khmer musical instruments and various forms of art that have been lost due to the decline of education and protection of traditional arts. Ms. Keo Narom has spent over 30 years researching and studying Khmer arts and culture with the aim of preserving and promoting their value for future generations. This book is valuable for those interested in studying Khmer arts and culture and in preserving them with care and dedication. aកម្រងវប្បធម៏ខ្មែរ​ 2ddccKHBn0 c6536d6536 00102ddc40708KHa002b002cSKBd2025-05-08l0oNAR PZ7 800pFISSE01716r2025-05-08 12:44:40t1w2025-05-08yKHB 00102ddc40708KHa002b002cSKBd2025-05-08l0oNAR PZ7 800pFISSE01715r2025-05-08 12:45:23t2w2025-05-08yKHB